000 00771nam a2200217 a 4500
001 000046130
005 20240412074305.0
008 150625s2008 dr a 000 j spa d
020 _a9789945445039
040 _aDO-SdBNP
_bspa
_cBNPHU
082 _aRD861.5
_bA174r
100 1 _aAcevedo Figuereo, Sheila
_974187
245 1 0 _aRetozoz :
_bcuentos eróticos /
_cSheila Acevedo Figuereo ; ilustraciones Carlos Porfirio Gervacio.
260 _aSanto Domingo :
_bEditalibros,
_c2008.
300 _a102 p. :
_bil. ;
_c21 cm.
500 _aIncluye datos biográficos de la autora en las solapas
650 0 _aCuentos dominicanos
_9176
650 0 _aLiteratura dominicana.
_967
700 1 2 _aGervacio, Carlos Porfirio,
_eil.
_972266
910 _aValidado. Control de calidad MFF
999 _c45619
_d45619